000 00714cam a2200205 a 4500
005 20170612113035.0
008 971213s1997 ck a r 00010 spa d
040 _ala
_cla
_dCO-BoIAVH
041 0 _aspa
044 _ack
082 0 4 _a925
_bJ76h
245 0 0 _aJorge I. Hernández Camacho :
_bpremio a la vida y obra 1997 /
260 _aSanta Fe de Bogotá :
_bFondo FEN :
_bImpreandes,
_c1997.
300 _a52 páginas :
_bilustraciones ;
_c23 x 22 cm.
500 _aPremio a la vida y obra 1997.
504 _aIncluye referencias bibliográficas.
600 0 _aHernández Camacho, Jorge Ignacio
_d1935-2001
_vbiografías
650 2 6 _aRecursos naturales
_zColombia
942 _2ddc
_cLIBRO
999 _c19618
_d19618